|
|
|
|
| LEADER |
00000nam0a2200000 4500 |
| 001 |
121184 |
| 005 |
20231031125318.0 |
| 010 |
|
|
|a 5367002730
|
| 035 |
|
|
|a (RuTPU)RU\TPU\book\131220
|
| 090 |
|
|
|a 121184
|
| 100 |
|
|
|a 20070911d2006 m y0rusy50 ca
|
| 101 |
1 |
|
|a rus
|c nor
|
| 102 |
|
|
|a RU
|
| 105 |
|
|
|a y z 000ay
|
| 200 |
1 |
|
|a Дочь циркача
|e [роман]
|f Ю. Гордер
|
| 210 |
|
|
|a СПб.
|c Амфора
|d 2006
|
| 215 |
|
|
|a 271 с.
|
| 225 |
1 |
|
|a Читать[модно]
|
| 610 |
1 |
|
|a норвежская литература
|
| 610 |
1 |
|
|a романы
|
| 675 |
|
|
|a 839.6
|v 3
|
| 700 |
|
1 |
|a Гордер
|b Ю.
|g Юстейн
|
| 801 |
|
1 |
|a RU
|b 63413507
|c 20070911
|g PSBO
|
| 801 |
|
2 |
|a RU
|b 63413507
|c 20080110
|g PSBO
|
| 942 |
|
|
|c BK
|
| 959 |
|
|
|a 55/20070911
|d 1
|e 175,34
|f ХФ:1
|